[Event "Orbis GM 2018"]
[Site "Paracin"]
[Date "2018.07.18"]
[Round "7"]
[White "Radovanovic, Mihajlo"]
[Black "Lorparizangeneh, Shahin"]
[Result "1/2-1/2"]
[WhiteElo "2402"]
[BlackElo "2493"]
[Annotator "TA"]
[PlyCount "183"]
[EventDate "2018.??.??"]
[EventCountry "SRB"]
[SourceTitle "playchess.com"]
[Source "ChessBase"]
[SourceQuality "1"]

{[%evp 20,183,22,19,22,26,41,48,63,68,69,29,27,11,38,33,30,43,52,29,23,14,9,-37,0,0,0,-75,-72,-58,0,-103,-47,-50,-49,-52,-56,-118,-122,-137,-107,-133,-133,-133,-116,-116,-116,-126,-124,-147,-150,-139,-141,-146,-105,-114,-110,-104,-82,-86,-81,-84,-84,-81,-82,-162,-101,-95,-102,-172,-166,-158,-158,-163,-159,-165,-164,-157,-159,-189,-166,-166,-156,-166,-166,-166,-166,-166,-166,-166,-166,-166,-166,-166,-166,-12834,-166,-166,-166,-166,-166,-166,-166,-166,-166,-166,-166,-166,-166,-166,-166,-166,-166,-166,-166,-166,-166,-166,-166,-166,-166,-166,-166,-166,-166,-166,0,-166,-166,-166,-166,-166,-166,-166,-166,-166,-166,-166,-166,-166,-166,-166,-166,-166,0,-166,0,-166,-166,-166,-166,-166,-166,-166,-166,-166,-128,-128,-128,-128,-128,-128,-77,-77,-77,-77]} 1. Nf3 {Mokal,P} d5 2. g3 Bg4 3. Bg2 c6 4. O-O Nd7 5. d3 Ngf6 6. h3 Bh5 7. Qe1 {A07: Réti Opening: New York and Capablanca Systems} e5 8. e4 dxe4 9. dxe4 Bc5 10. a4 O-O 11. Na3 {LiveBook: 8 Games} Re8 12. Nh4 Bg6 $146 ({Predecessor:} 12... Nf8 13. b4 Be7 14. Nf5 Ne6 15. Nxe7+ Qxe7 {1-0 (38) Kramnik,V (2783)-Vachier Lagrave,M (2765) Shamkir 2015 CBM 166 [Mokal,P]}) 13. Bd2 Qc7 14. Nxg6 hxg6 15. Qe2 a5 16. h4 Bb4 17. Bg5 Bf8 18. Rfd1 Nb6 19. Bxf6 gxf6 20. h5 Rad8 21. Qf3 Rxd1+ 22. Rxd1 Rd8 23. Rb1 (23. Rxd8 $11 {remains equal.} Qxd8 24. hxg6 fxg6 25. Qb3+ Kg7 26. Nc4 Qd1+ 27. Kh2 Nxc4 28. Qxc4) 23... Kg7 $1 $17 ({Of course not} 23... Nxa4 24. hxg6 Kg7 25. gxf7 $11) 24. Bf1 Bc5 (24... Nxa4 $15 25. Nc4 Be7) 25. Bd3 (25. Nc4 $11 {keeps the balance.}) 25... Rh8 (25... Bxa3 $17 26. bxa3 gxh5) 26. hxg6 $15 fxg6 27. Nc4 Nxa4 {[%cal Bb6a4,Ba4c5,Bc5e6,Be6g5][%mdl 32]} 28. c3 ({White should try} 28. Be2 $15) 28... b5 $1 $17 {[%cal Rb5c4]} 29. Nd2 Be7 30. Nf1 Nc5 31. Bc2 Ne6 32. Rd1 Rd8 33. Rxd8 Qxd8 34. Qg4 Ng5 35. f4 Nf7 36. Kf2 Nh6 37. Qh3 Bc5+ 38. Ke2 exf4 39. gxf4 Qd6 40. Bb3 a4 41. Ba2 Qe7 $36 {[%mdl 2048] Black has strong initiative.} 42. Ng3 (42. Qe6 $17) 42... Bb6 ({Better is} 42... f5 $1 $19 {...Ng4 is the strong threat.} 43. e5 Ng4) 43. Qc8 Bc7 $1 {[%cal Rc7f4]} 44. e5 (44. Kd1 $17) 44... fxe5 $19 45. f5 e4 46. Qe6 Qxe6 47. fxe6 {[%mdl 4096] Endgame aiming for e7. KBN-KBN} Kf6 ({Don't blunder} 47... Bxg3 $2 48. e7 $18) 48. Nxe4+ Ke7 49. Ng5 Be5 50. Nf7 Bg7 51. Nxh6 Bxh6 $17 {KB-KB} 52. Bb1 Bc1 53. Bxg6 Bxb2 54. Kd3 Kxe6 55. Kc2 Ba3 56. Be4 Kd6 57. Bf3 $2 (57. Bg6) 57... Bc5 $2 (57... c5 58. c4 b4) 58. Be4 Be3 59. Bg6 Bf4 60. Bf7 Be5 61. Bg6 Kc5 62. Bf7 Kb6 63. Be8 Kc7 64. Bg6 Bf6 65. Bh5 Kb6 {Threatens to win with ...c5.} 66. Be8 Bg7 67. Bd7 Bh6 68. Be8 a3 69. Kb3 Bc1 $1 70. Bf7 Kc5 71. Be6 Kd6 $1 {[%cal Rd6e6]} 72. Bf7 Ke5 $2 (72... c5 $19 73. Be8 c4+ 74. Ka2 Kc5) 73. Be8 $2 (73. Kb4 $1 $11) 73... Kd5 $19 74. Bf7+ {[#]} Kd6 $1 75. c4 Ke7 76. Bg8 {[#]} b4 $1 77. Bh7 (77. Kxb4 a2) 77... Kd6 78. Bg6 Kc5 79. Bf7 Kd4 80. Bg8 Bg5 81. Bf7 Kd3 $2 (81... c5 $19 82. Bd5 Bf4) 82. Bg6+ $2 {[#]} (82. c5 $11) 82... Kd2 $2 (82... Ke3 $1 $19 {Hoping for ...c5.} 83. Bc2 Kd4) 83. Bh7 $2 (83. c5 $1 $11 {and White has nothing to worry.}) 83... c5 84. Bg6 Ke3 85. Bh7 Kd4 86. Bg8 Bf6 87. Bf7 {[#]} a2 $1 88. Kxa2 {Black is better.} Kc3 89. Kb1 b3 90. Bg8 b2 ({Black should play} 90... Bg5 91. Bd5 Bf4) 91. Bf7 Kb3 92. Bg8 {Precision: White = 58%, Black = 60%.} 1/2-1/2

[Event "Orbis GM 2018"]
[Site "Paracin"]
[Date "2018.07.18"]
[Round "7"]
[White "Peng, Shunkai"]
[Black "Raja, Rithvik R"]
[Result "1/2-1/2"]
[WhiteElo "2390"]
[BlackElo "2343"]
[Annotator "NA"]
[PlyCount "76"]
[EventDate "2018.??.??"]
[EventCountry "SRB"]
[SourceTitle "playchess.com"]
[Source "ChessBase"]
[SourceQuality "1"]
[TimeControl "40/5400+30:1800+30"]

1. e4 {[%emt 0:00:58]} c5 {[%emt 0:00:00]} 2. Nf3 {[%emt 0:01:13]} d6 {[%emt 0:00:00]} 3. Bb5+ {[%emt 0:01:36]} Nd7 {[%emt 0:00:00]} 4. c3 {[%emt 0:00:58]} Ngf6 {[%emt 0:00:00]} 5. Qe2 {[%emt 0:00:42]} a6 {[%emt 0:00:01]} 6. Bd3 {[%emt 0:01:07]} Ne5 {[%emt 0:03:14]} 7. Nxe5 {[%emt 0:03:12]} dxe5 {[%emt 0:00:36]} 8. a4 {[%emt 0:01:43]} e6 {[%emt 0:02:10]} 9. Na3 {[%emt 0:02:47]} b6 {[%emt 0:01:09]} 10. Bc2 {[%emt 0:13:18]} Be7 {[%emt 0:02:16]} 11. O-O {[%emt 0:04:04]} Bb7 {[%emt 0:06:07]} 12. Nc4 {[%emt 0:05:37]} Nd7 {[%emt 0:01:04]} 13. Qg4 {[%emt 0:19:07]} O-O {[%emt 0:09:18]} 14. Qg3 {[%emt 0:06:39]} b5 {[%emt 0:08:35]} 15. axb5 {[%emt 0:09:27]} axb5 {[%emt 0:00:19]} 16. Rxa8 {[%emt 0:00:06]} Bxa8 {[%emt 0:00:03]} 17. Na3 {[%emt 0:00:34]} Bc6 {[%emt 0:02:06]} 18. d3 $11 {[%emt 0:00:18]} Bh4 {[%emt 0:05:58]} 19. Qh3 {[%emt 0:03:37]} Bg5 {[%emt 0:01:02]} 20. Be3 {[%emt 0:00:29]} h6 {[%emt 0:12:23]} 21. Nb1 {[%emt 0:07:10]} Bxe3 {[%emt 0:04:29]} 22. Qxe3 {[%emt 0:02:31]} Qg5 {[%emt 0:01:10]} 23. Qxg5 {[%emt 0:05:34]} hxg5 {[%emt 0:00:11]} 24. Nd2 {[%emt 0:00:05]} Ra8 {[%emt 0:00:23]} 25. h3 {[%emt 0:00:31]} Kf8 {[%emt 0:01:10]} 26. Rd1 {[%emt 0:01:51]} Ra2 {[%emt 0:03:25]} 27. Rb1 {[%emt 0:00:14]} Ke7 {[%emt 0:00:46]} 28. Kf1 {[%emt 0:00:15]} Nb6 {[%emt 0:03:51]} 29. Bb3 {[%emt 0:00:35]} Ra8 {[%emt 0:00:38]} 30. Ke2 {[%emt 0:00:05]} f5 {[%emt 0:01:30]} 31. Bc2 {[%emt 0:01:19]} Kf6 {[%emt 0:03:17]} 32. f3 {[%emt 0:00:32]} Ra2 {[%emt 0:06:50]} 33. Bb3 {[%emt 0:00:37]} Ra8 {[%emt 0:00:51]} 34. Bc2 {[%emt 0:00:33]} b4 {[%emt 0:04:05]} 35. Bb3 {[%emt 0:01:12]} Bb5 {[%emt 0:00:59]} 36. Rc1 {[%emt 0:02:32]} Rd8 {[%emt 0:02:58]} 37. cxb4 {[%emt 0:03:12]} Bxd3+ {[%emt 0:01:20]} 38. Ke1 {[%emt 0:00:06]} c4 {[%emt 0:01:35]} 1/2-1/2

[Event "Orbis GM 2018"]
[Site "Paracin"]
[Date "2018.07.19"]
[Round "8"]
[White "Savic, Miodrag R"]
[Black "Radovanovic, Mihajlo"]
[Result "1/2-1/2"]
[WhiteElo "2541"]
[BlackElo "2402"]
[Annotator "TA"]
[PlyCount "137"]
[EventDate "2018.??.??"]
[EventCountry "SRB"]
[SourceTitle "playchess.com"]
[Source "ChessBase"]
[SourceQuality "1"]

{[%evp 14,137,4,11,16,0,7,-26,-19,-34,0,-16,-11,-31,-28,-28,-31,-40,-41,-53,-58,-96,-59,-114,-120,-105,-121,-118,-117,-123,-124,-122,-85,-106,-89,-86,-85,-89,-93,-110,-105,-110,-111,-182,-186,-178,-187,-193,-192,-258,-242,-253,-219,-249,-205,-190,-168,-160,-172,-161,-130,-130,-124,-124,-136,-129,-126,-158,-69,-67,-69,-69,-69,-63,-56,-47,-14,-21,-21,-21,-11,-16,-16,-20,-8,-27,-16,-23,-22,-64,-64,-45,-35,-37,-38,-93,-35,-35,-35,-35,-47,-40,-27,-35,-8,-8,0,0,0,0,0,0,0,0,0,0,0,0,0,0,0,0,0,0,0,0]} 1. e4 c5 2. c3 d5 3. exd5 Qxd5 4. Nf3 g6 5. Na3 (5. d4 Bg7 6. Be2 Nf6 7. c4 Qd8 8. d5 b5 9. O-O O-O 10. a3 bxc4 11. Bxc4 Nbd7 12. Nc3 Nb6 13. Qb3 Nxc4 14. Qxc4 Qb6 15. Re1 Ba6 16. Qh4 Rfe8 17. Ne5 Bb7 {0-1 (32) Bologan,V (2640)-Morozevich,A (2683) Sochi 2016}) 5... Bg7 6. Bc4 {B22: Sizilianisch (Alapin 2.c3)} Qe4+ 7. Be2 Nf6 8. d4 {LiveBook: 3 Partien} cxd4 9. Nb5 O-O $146 ({Vorgänger:} 9... Na6 10. Nbxd4 O-O 11. O-O Qd5 12. Re1 Nc5 13. Bg5 Nce4 14. Bxf6 Nxf6 15. Bf1 {0-1 (60) Cabarkapa,S (2287)-Kernazhitsky,L (2401) Backa Palanka 2002}) 10. cxd4 ({Doch nicht} 10. Nc7 Nd5 $15) 10... Nc6 11. O-O Nd5 12. Bd3 Qg4 13. h3 Qd7 14. Be4 Nf6 15. Bb1 b6 16. Re1 Bb7 17. a3 Rad8 18. Nc3 (18. Bc2 $15) 18... Nxd4 $17 19. Nxd4 Qxd4 20. Qxd4 Rxd4 21. Nb5 Rd5 22. a4 Rfd8 {[#] Droht ...Td1 und aus.} 23. Bc2 Rc5 24. Bb3 Bd5 $36 {[%mdl 2048] Weiss steht unter starkem Druck.} 25. Bd1 Rd7 26. Be3 Rc8 27. Be2 Ne4 28. Rac1 (28. Bf3 $17) 28... Rxc1 $19 29. Rxc1 {Weiss droht Tc8+ und Matt.} Bxb2 30. Rc8+ Kg7 31. Bf3 (31. Nc7 $142 Nd6 32. Bb5) 31... Be5 32. Rc1 Nf6 33. Be2 Bb3 34. f4 Bd6 35. Nxd6 Rxd6 ({Nicht} 35... exd6 36. Bd4 $11) 36. Bb5 Be6 37. Rc7 Bd7 38. Rxa7 Bxb5 39. axb5 $17 {[%mdl 4096] Endspiel [#] KTL-KTS} Nd5 $1 {[%cal Rd5e3]} 40. Bc1 f6 ({Lieber} 40... Kf6 $17 41. Kf2 Nc3) 41. Ba3 $15 Re6 {Droht stark ...Kf7.} 42. Rd7 $1 {[%cal Rd7d5]} Re3 43. Rxd5 {zielt auf Lb4 ab.} Rxa3 {KT-KT} 44. Rd7 $1 Re3 45. Kf2 Re6 46. Kf3 h5 47. Rb7 Kf7 48. g3 f5 49. g4 h4 50. Rb8 Rd6 51. Ke3 fxg4 52. hxg4 Rd1 53. Rh8 Rh1 54. Kf2 ({Günstiger ist} 54. Ke2 $15) 54... Rh2+ (54... Rh3 $17) 55. Kf3 Rh3+ 56. Kf2 Rb3 57. Rxh4 Rxb5 58. Rh7+ Kf8 59. Kg3 {Die Stellung ist ausgeglichen.} Rb1 60. Rh8+ Kf7 61. Rb8 Kf6 62. Rf8+ Kg7 63. Rb8 g5 64. fxg5 b5 65. Rb7 Kf7 66. Kf4 b4 67. Kf5 Rf1+ 68. Ke5 Kg6 69. Rxb4 {Precision: Weiß = 58%, Schwarz = 66%.} 1/2-1/2

[Event "Orbis GM 2018"]
[Site "Paracin"]
[Date "2018.07.19"]
[Round "8"]
[White "Atalik, Suat"]
[Black "Yilmazyerli, Mert"]
[Result "1-0"]
[WhiteElo "2509"]
[BlackElo "2491"]
[Annotator "TA"]
[PlyCount "81"]
[EventDate "2018.??.??"]
[EventCountry "SRB"]
[SourceTitle "playchess.com"]
[Source "ChessBase"]
[SourceQuality "1"]

{[%evp 15,81,16,22,22,22,22,26,25,31,20,28,0,6,0,0,0,0,0,0,0,0,0,0,7,0,0,7,2,6,5,7,0,2,0,4,7,4,0,0,0,0,0,0,0,16,16,16,14,13,12,13,0,0,0,10,6,4,0,17,17,17,17,25,25,369,352,334,316]} 1. d4 e6 2. Nf3 c5 3. c4 cxd4 4. Nxd4 Nf6 5. Nc3 a6 6. g3 Qc7 7. Qd3 b6 {A32: Symmetrical English: 2 Nf3 Nf6 3 d4 cxd4 4 Nxd4 e6} 8. Bg2 Bb7 $1 {[%cal Rb7g2] LiveBook: 20 Games} 9. Bf4 d6 {The position is equal.} 10. Bxb7 $1 Qxb7 11. Nf3 Nc6 12. O-O ({Not} 12. Bxd6 $2 O-O-O $19) 12... Be7 13. Rfd1 $146 ({Don't blunder} 13. Bxd6 $2 Rd8 $19) ({Predecessor:} 13. Bg5 Rd8 14. Rad1 O-O 15. Ne4 {½-½ (57) Atalik,S (2500)-Ionescu,C (2535) Bucharest 1995}) 13... O-O 14. Ne4 d5 15. Nxf6+ Bxf6 16. cxd5 Nb4 17. Qe4 Nxd5 18. Be5 Bxe5 19. Nxe5 Rac8 20. Rac1 Rc7 21. Nd3 Rfc8 22. Rxc7 Qxc7 23. Qd4 h6 24. Rc1 Qb7 25. Rxc8+ Qxc8 26. e4 Nf6 27. f3 Qc7 28. Ne5 Kh7 29. Qc3 (29. a4 {looks sharper.} Kg8 30. Kg2 g5 31. Nc4 g4 32. fxg4 Nxg4 33. Kh3) 29... Qxc3 30. bxc3 $11 {[%mdl 4096] Endgame KN-KN} Kg8 31. Kf2 Kf8 32. Ke3 Ke7 33. Kd4 Nd7 34. Nd3 Kd6 35. e5+ Kc6 36. a4 Nc5 37. Nxc5 bxc5+ 38. Kc4 Kb6 39. f4 {Black must now prevent a5+!} Ka5 $2 {[%mdl 8192]} (39... g6 $11 {and Black stays safe.}) 40. Kxc5 $18 Kxa4 {[#]} 41. Kd6 $1 {Precision: White = 63%, Black = 67%.} 1-0

[Event "Orbis GM 2018"]
[Site "Paracin"]
[Date "2018.07.19"]
[Round "8"]
[White "Lorparizangeneh, Shahin"]
[Black "Peng, Shunkai"]
[Result "1/2-1/2"]
[WhiteElo "2493"]
[BlackElo "2390"]
[Annotator "TA"]
[PlyCount "165"]
[EventDate "2018.??.??"]
[EventCountry "SRB"]
[SourceTitle "playchess.com"]
[Source "ChessBase"]
[SourceQuality "1"]

{[%evp 10,165,22,17,35,37,44,16,23,26,32,18,18,14,9,16,39,43,40,40,43,39,36,36,41,31,51,51,51,36,54,46,79,39,39,32,42,42,91,79,88,95,91,91,85,91,90,95,87,83,77,29,25,29,53,0,0,0,0,0,0,0,0,0,0,0,-9,-2,-8,-22,-22,-22,-22,-33,-22,-25,0,-7,-10,-32,-29,-28,-36,-26,0,0,0,-165,-164,-150,0,0,0,0,0,0,0,0,0,0,0,0,0,0,0,0,0,0,0,0,0,0,0,0,0,0,0,0,0,0,0,0,0,0,0,0,0,0,0,0,0,0,0,0,0,0,0,0,0,0,0,0,0,0,0,0,0,0,0,0,0,0,0,0,0,0,0,0]} 1. c4 e6 2. Nc3 d5 3. d4 a6 4. cxd5 exd5 5. Bf4 (5. Nf3 Nf6 6. Bg5 Be6 7. e3 Nbd7 8. Bd3 Bd6 9. O-O c6 10. Bf4 Qc7 11. Bxd6 Qxd6 12. Qc2 {½-½ (12) Lenic,L (2659)-Berkes,F (2688) Velky Cetin 2018}) 5... Nf6 6. e3 {LiveBook: 56 Games. D31: Queen's Gambit Declined: Semi-Slav without ...Nf6 (+ Marshall Gambit and Noteboom) and Exchange Variation lines without ...Nf6} c6 7. Bd3 Bd6 8. Qf3 $146 {White is slightly better.} ({Predecessor:} 8. Nf3 Bg4 9. h3 Bh5 10. g4 Bg6 11. Ne5 Qe7 12. Bxg6 hxg6 {0-1 (52) Poliakov,A (2182)-Lugovskoy,M (2474) Sochi 2017}) 8... Bxf4 9. Qxf4 O-O 10. Nge2 Re8 11. h3 Nbd7 12. Qd6 Nb6 13. Qxd8 Rxd8 14. f3 Ne8 15. Kf2 Nd6 16. g4 Re8 17. b3 Bd7 18. a4 a5 19. Nf4 Rac8 20. Rac1 Na8 21. Rhe1 Nc7 22. e4 dxe4 $1 23. fxe4 {[#] e5 is the strong threat.} f6 24. e5 fxe5 25. dxe5 Nf7 26. Bc4 Be6 27. Nxe6 Nxe6 28. Ne4 {Black must now prevent Nd6.} Rcd8 29. Rcd1 Kf8 30. Nd6 (30. Bxe6 $5 Rxd1 31. Rxd1 Rxe6 32. Nc5 $14) 30... Nxd6 31. exd6 Nf4 32. Rh1 (32. Rxe8+ $14 Kxe8 33. Kg3) 32... Re5 $11 33. Rhf1 b5 34. axb5 cxb5 35. Rd4 g5 36. Bd3 $1 Ne6 37. Re4 Rxe4 38. Bxe4 Rxd6 39. Bxh7 {[%mdl 4096] Endgame KRB-KRN} Kg7 40. Bf5 Nd4 41. Bd3 Rd5 42. Rb1 Kf6 43. Ke3 Ke5 44. b4 a4 45. Rc1 $1 Nb3 46. Rc3 Kd6 47. Bc2 Re5+ 48. Kd3 $2 (48. Be4 $1 $11) 48... Nc1+ $19 49. Kd2 {[#]} Na2 (49... Ne2 $1 $17 {[%cal Re2c3]} 50. Rd3+ Ke7) 50. Rd3+ $11 {The position is equal.} Rd5 (50... Kc6 $5 51. Rd4 $8 Re7 $11) 51. Rxd5+ Kxd5 {KB-KN} 52. Bd3 $1 a3 ({Don't play} 52... Nxb4 53. Bxb5 a3 54. Kc3 $17) 53. Bxb5 Kd4 54. Kc2 Nxb4+ 55. Kb3 a2 56. Kb2 Ke4 57. Bd7 Kf4 58. Bc8 Ke5 59. Ka1 Kd4 60. Kb2 Ke4 61. Bf5+ Kf4 62. Bc8 Kg3 63. Ka1 Kxh3 64. Kb2 Kg3 65. Ka1 Kf4 66. Kb2 Ke5 67. Ka1 $1 Ke4 68. Kb2 Kd3 69. Bf5+ Kd2 70. Bc8 Ke3 (70... a1=Q+ {is more complex.} 71. Kxa1) 71. Ka1 Kf4 72. Kb2 Nc2 (72... Ke4 {with more complications.} 73. Ka1 Ke5 74. Kb2 Kf6 75. Ka1 Ke7) 73. Kxa2 Ne3 74. Kb3 Nxg4 75. Kc3 Ne3 76. Kd3 Nf5 77. Ke2 g4 78. Bxf5 Kxf5 79. Kf2 Kf4 80. Kg2 g3 (80... Ke3 $5) 81. Kg1 Kg5 (81... Ke3 $5) 82. Kg2 Kh4 (82... Kg4 $5) 83. Kg1 {Precision: White = 79%, Black = 69%.} 1/2-1/2

[Event "Orbis GM 2018"]
[Site "Paracin"]
[Date "2018.07.19"]
[Round "8"]
[White "Djordjevic, Vuk"]
[Black "Raghunandan, Kaumandur Srihari"]
[Result "1/2-1/2"]
[WhiteElo "2403"]
[BlackElo "2417"]
[Annotator "TA"]
[PlyCount "101"]
[EventDate "2018.??.??"]
[EventCountry "SRB"]
[SourceTitle "playchess.com"]
[Source "ChessBase"]
[SourceQuality "1"]

{[%evp 9,101,7,7,9,13,1,10,0,0,0,8,0,0,0,27,26,18,12,16,-55,-33,-54,-65,-40,-1,0,18,24,16,4,114,111,101,69,104,0,241,240,268,82,167,-61,-64,-69,-47,-47,0,-36,-9,-42,-35,-29,-39,-31,-19,-27,0,0,1,0,37,0,0,0,0,0,0,0,0,0,0,0,7,7,7,7,7,0,0,0,0,0,8,8,8,8,8,8,8,8,8,8,8,8]} 1. d4 Nf6 2. Bg5 c5 3. Bxf6 gxf6 4. dxc5 Qa5+ 5. c3 Qxc5 {LiveBook: 14 Games} 6. g3 {A45: Trompowsky Attack} Nc6 7. Bg2 f5 8. Nd2 Bg7 9. Nh3 h5 $146 {[%cal Bh7h5,Bh5h4][%mdl 32]} ({Predecessor:} 9... e5 10. e4 Ne7 11. O-O O-O 12. Qh5 d5 {0-1 (35) Al Khateeb,T (1988)-Yang,D (2482) Arlington 2013}) 10. Nf4 h4 $1 11. Nb3 Qe5 12. e3 e6 13. Qe2 hxg3 14. fxg3 (14. hxg3 $11 Rxh1+ 15. Bxh1) 14... d5 15. O-O Bd7 16. Rac1 O-O-O 17. Rfd1 $1 Kb8 18. c4 $1 dxc4 19. Rxc4 Qxb2 (19... Qb5 $11) 20. Rc2 Qa3 21. Nc5 Bc8 22. Bxc6 (22. Rb1 $16 Nb4 23. Bxb7 $1 {[%mdl 512]} Bxb7 24. Qb5 $1 {[%mdl 512]} Qxe3+ 25. Rf2 Qxg3+ 26. Kf1 (26. hxg3 $2 {is a self mate.} Rh1#) 26... Qxf2+ 27. Kxf2 Bd4+ 28. Kf1 Bxc5 29. Qxc5) 22... bxc6 $2 (22... Rxd1+ $11 {and Black is okay.} 23. Qxd1 Qxe3+ 24. Kg2 bxc6 25. Qd6+ Ka8) 23. Rb1+ $18 Kc7 {[%cal Bb8c7,Bc7d8,Bd8e7][%mdl 32]} 24. Qf3 $2 (24. Nfd3 $18) 24... Rd6 $16 {[#]} 25. Rbc1 $2 ({Stronger than} 25. Rb3 Qa5 $11) (25. Nfd3 $1 $18) 25... Kd8 $15 26. Ncd3 Bd7 27. Nc5 Bd4 28. Nb7+ Ke7 29. Kg2 Qxe3 30. Qxe3 Bxe3 31. Nxd6 Kxd6 32. Rd1+ Kc7 {White must now prevent ...c5.} 33. Nd3 Be8 34. Re1 Bd4 35. Rc4 c5 {The position is equal.} 36. Nxc5 Bc6+ 37. Kf1 Bb5 38. Nxe6+ $1 Kd7 39. Nxd4 Bxc4+ $11 {[%mdl 4096] Endgame KRB-KRN} 40. Kg1 Bxa2 41. Ra1 Be6 $1 42. Rxa7+ Kd6 43. Ra5 f4 44. gxf4 Rh4 45. Ra6+ Kd5 46. Nxe6 fxe6 47. Ra4 e5 48. Ra5+ Ke6 49. fxe5 Re4 50. Kg2 Rxe5 51. Rxe5+ {Precision: White = 51%, Black = 58%.} 1/2-1/2

[Event "Orbis GM 2018"]
[Site "Paracin"]
[Date "2018.07.19"]
[Round "8"]
[White "Raja, Rithvik R"]
[Black "Ikeda, Junta"]
[Result "1/2-1/2"]
[WhiteElo "2343"]
[BlackElo "2437"]
[Annotator "TA"]
[PlyCount "35"]
[EventDate "2018.??.??"]
[EventCountry "SRB"]
[SourceTitle "playchess.com"]
[Source "ChessBase"]
[SourceQuality "1"]

{[%evp 10,35,29,20,27,18,27,37,61,36,46,30,30,14,18,4,16,0,13,9,37,10,13,12,23,11,38,5]} 1. Nf3 f5 2. d3 d6 3. e4 Nf6 4. exf5 Bxf5 5. d4 Qd7 6. Nc3 {LiveBook: 5 Games. A04: Unusual lines after 1 Nf3 and King's Indian Attack} e6 7. Bd3 Bxd3 8. Qxd3 {White has an edge.} Nc6 9. Bg5 $146 ({Predecessor:} 9. a3 d5 10. Bf4 Bd6 11. Bg3 O-O {0-1 (31) Roussel Roozmon,T (2486)-Nakamura,H (2697) Montreal 2008}) 9... Be7 {[%cal Bf8e7,Be7d8,Bd8f6][%mdl 32]} 10. O-O-O O-O-O 11. Kb1 Rde8 12. Rhe1 a6 13. a3 Bd8 14. h3 g6 15. Bxf6 Bxf6 16. Re2 d5 17. Rde1 Qd6 18. h4 {Precision: White = 14%, Black = 20%.} 1/2-1/2

[Event "Orbis GM 2018"]
[Site "Paracin"]
[Date "2018.07.20"]
[Round "9"]
[White "Yilmazyerli, Mert"]
[Black "Djordjevic, Vuk"]
[Result "1/2-1/2"]
[WhiteElo "2491"]
[BlackElo "2403"]
[Annotator "TA"]
[PlyCount "42"]
[EventDate "2018.??.??"]
[EventCountry "SRB"]
[SourceTitle "playchess.com"]
[Source "ChessBase"]
[SourceQuality "1"]

{[%evp 35,36,0,0]} 1. Nf3 Nf6 2. g3 d5 3. Bg2 e6 4. O-O Be7 5. d4 O-O 6. c4 dxc4 7. Qc2 a6 8. a4 Bd7 9. Ne5 Bc6 10. Nxc6 Nxc6 11. e3 Na5 12. Nd2 c5 13. dxc5 Rc8 14. b4 cxb3 15. Nxb3 Nxb3 16. Qxb3 Nd7 {E05: Katalanisch} 17. Ba3 Nxc5 18. Bxc5 Bxc5 {[#] LiveBook: 8 Partien} {Vorgänger:} 19. Qxb7 $146 a5 20. Rfd1 Qc7 21. Qxc7 Rxc7 {½-½ (21) Bailet,P (2519)-Gharamian,T (2647) Lille 2015} 1/2-1/2

[Event "Orbis GM 2018"]
[Site "Paracin"]
[Date "2018.07.20"]
[Round "9"]
[White "Ikeda, Junta"]
[Black "Lorparizangeneh, Shahin"]
[Result "1/2-1/2"]
[WhiteElo "2437"]
[BlackElo "2493"]
[Annotator "TA"]
[PlyCount "34"]
[EventDate "2018.??.??"]
[EventCountry "SRB"]
[SourceTitle "playchess.com"]
[Source "ChessBase"]
[SourceQuality "1"]

{[%evp 27,32,19,34,26,29,28,26]} 1. e4 e6 2. d4 d5 3. Nd2 c5 4. Ngf3 cxd4 5. Nxd4 Nc6 6. Bb5 Bd7 7. Nxc6 Bxc6 8. Bxc6+ bxc6 9. c4 Bc5 {[%cal Bf8c5,Bc5b6,Bb6c7,Bc7f4][%mdl 32]} 10. Qa4 {C07: French Tarrasch: 3...c5, 4 Ngf3 and 4 exd5 Qxd5} Ne7 11. exd5 exd5 12. Nb3 Bb6 13. c5 Bc7 14. O-O O-O {LiveBook: 6 Games} 15. Bg5 (15. Re1 Qd7 16. Bd2 Ng6 17. Nd4 Be5 18. Qxc6 Qxc6 19. Nxc6 Bxb2 {0-1 (57) Jones,G (2665)-Nguyen,N (2634) Tromsoe 2014}) 15... f6 16. Bf4 Bxf4 {Predecessor:} 17. Qxf4 $146 Ng6 {½-½ (65) Colucci,P (2283)-Kellermann,F (2227) ICCF email 2010} 1/2-1/2